[Event "Hessen-ch qual-A+B"]
[Site "Erlensee"]
[Date "2007.04.06"]
[Round "4"]
[White "Goeke, Bernd"]
[Black "Muth, Andreas"]
[Result "1-0"]
[WhiteElo "2097"]
[BlackElo "2081"]
[PlyCount "53"]
[EventDate "2007.04.04"]
[EventType "swiss"]
[EventRounds "7"]
[EventCountry "GER"]
[SourceTitle "CBM 117 Extra"]
[Source "ChessBase"]
[SourceDate "2007.05.09"]
[SourceVersion "1"]
[SourceVersionDate "2007.05.09"]
[SourceQuality "1"]

1. d4 c5 2. d5 e6 3. Nc3 exd5 4. Nxd5 Nf6 5. e4 Be7 6. Bc4 0-0 7. f3 Nxd5 8. Bxd5 Nc6 9. Ne2 d6 10. 0-0 Be6 11. Nf4 Qd7 12. c3 Rac8 13. Be3 Ne5 14. Qe2 b5 15. a4 a6 16. axb5 axb5 17. b3 c4 18. Ra7 Rc7 19. Bxe6 fxe6 20. Rxc7 Qxc7 21. Nxe6 Qa5 22. Nxf8 Bxf8 23. bxc4 Nxc4 24. Bd4 Be7 25. Qd1 Qa2 26. Rf2 Qa3 27. Qb1 1-0

[Event "Hessen-ch qual-A+B"]
[Site "Erlensee"]
[Date "2007.04.06"]
[Round "6"]
[White "Hillgaertner, Walter"]
[Black "Muth, Andreas"]
[Result "1/2-1/2"]
[WhiteElo "2061"]
[BlackElo "2081"]
[PlyCount "80"]
[EventDate "2007.04.04"]
[EventType "swiss"]
[EventRounds "7"]
[EventCountry "GER"]
[SourceTitle "CBM 117 Extra"]
[Source "ChessBase"]
[SourceDate "2007.05.09"]
[SourceVersion "1"]
[SourceVersionDate "2007.05.09"]
[SourceQuality "1"]

1. d4 c5 2. e3 Nf6 3. Nf3 e6 4. Bd3 b6 5. c4 Bb7 6. Nc3 Be7 7. 0-0 0-0 8. b3 cxd4 9. exd4 d5 10. Bb2 Nc6 11. cxd5 Nxd5 12. Nxd5 Qxd5 13. Bc4 Qh5 14. Ne5 Qxd1 15. Rfxd1 Rfd8 16. Bb5 Rac8 17. Nxc6 Bxc6 18. Ba6 Rc7 19. Rac1 Rdd7 20. Rc2 Be4 21. Rxc7 Rxc7 22. Rc1 Rxc1+ 23. Bxc1 Bc6 24. Bf4 b5 25. Bb8 Kf8 26. Bxa7 Ke8 27. Bb8 Kd7 28. Be5 f6 29. Bf4 Bd6 30. Bd2 Ba3 31. f3 Bb2 32. Be3 Kd6 33. Kf1 Ba3 34. Ke2 Kc7 35. Bf4+ Kb6 36. Bc8 Bd5 37. Bd7 g5 38. Bg3 Bb2 39. Kd3 Ba3 40. h3 Bb2 1/2-1/2

[Event "Hessen-ch qual-A+B"]
[Site "Erlensee"]
[Date "2007.04.06"]
[Round "5"]
[White "Muth, Andreas"]
[Black "Bahlke, Wolfgang"]
[Result "0-1"]
[WhiteElo "2081"]
[BlackElo "2071"]
[PlyCount "80"]
[EventDate "2007.04.04"]
[EventType "swiss"]
[EventRounds "7"]
[EventCountry "GER"]
[SourceTitle "CBM 117 Extra"]
[Source "ChessBase"]
[SourceDate "2007.05.09"]
[SourceVersion "1"]
[SourceVersionDate "2007.05.09"]
[SourceQuality "1"]

1. d4 d5 2. Nf3 Nf6 3. c4 e6 4. Nc3 Be7 5. cxd5 exd5 6. Bg5 c6 7. Qc2 g6 8. e3 Bf5 9. Bd3 Bxd3 10. Qxd3 0-0 11. 0-0 Nbd7 12. Rab1 Re8 13. b4 a6 14. a4 Ne4 15. Bxe7 Qxe7 16. Nd2 Ndf6 17. Rfe1 Nxd2 18. Qxd2 h5 19. b5 cxb5 20. axb5 a5 21. b6 Ne4 22. Nxe4 Qxe4 23. Rb5 a4 24. Qa2 Re6 25. Rc1 Qd3 26. Qxd5 Rc6 27. Rf1 a3 28. Ra5 Rac8 29. h3 Rxb6 30. Qd7 Rf8 31. Qa4 Rb3 32. Ra8 b5 33. Rxf8+ Kxf8 34. Qa8+ Kg7 35. Qd5 Qc4 36. Qe5+ Kh7 37. d5 a2 38. Ra1 Rb1+ 39. Kh2 Rxa1 40. Qxa1 Qxd5 0-1